00739nam a2200241 a 4500001001300000003000900013005001700022008004100039020002300080082001300103100002200116245008100138260002700219300000800246500003500254505001500289650002300304700002200327902000800349942000700357952011600364999001700480nice12345678IN_TiNIC20260116015104.0050524s1997 laga grp 000 0 eng  a9783366 c10000a968bBUL aBulbulia, Firdoze aCouncil of the Eldersb a Tribute to the Veterans of the South African Liber aLagosbMinaj Pubc1997 a00p aincludes index and biblioraphy2 aXerox Copy aSouth Asia-History1 aBulbulia, Firdoze bSRS cBK 001040708StackRoom-aHMIbHMId2007-05-30g100.00l0o968 BULp11001478r2007-05-30v100.00w2005-05-24yBK c18270d18270